| 000 | 00645nam a2200217 a 4500 | ||
|---|---|---|---|
| 001 | 18442 | ||
| 003 | UkOxU | ||
| 005 | 20211209000302.0 | ||
| 008 | 140220r19761966enka 000 0 eng d | ||
| 020 | _a0416695000 (Pbk.) | ||
| 035 | _aBD-RjUL)18500 | ||
| 040 |
_aDLC _cDLC _dm.c _dBD-RjUL _beng |
||
| 041 | _aeng | ||
| 082 | 0 | 0 |
_a823.91 _bBLB 1976 |
| 100 | 1 |
_aBlamires, Harry. _956830 |
|
| 245 | 1 | 4 |
_aThe Bloomsday book : _ba guide through Joyce's Ulysses / _cby Harry Blamires |
| 260 |
_aLondon : _bMethuen, _c1966 [Reprinted 1976] |
||
| 300 |
_axii, 275 p. : _b2 diagrs ; _c22 cm |
||
| 600 | 1 | 0 |
_aJoyce, James, _d1882-1941. _956845 |
| 942 |
_2ddc _cBK |
||
| 999 |
_c18442 _d18442 |
||